00849nam a2200229 a 4500001001000000003000500010005001700015008004100032010001100073011001100084040000900095100003000104245012200134260004100256500006000297502007100357650002400428650002800452650005400480650001500534856007000549000109702CHAP20220329144100.0140520s2014 mx a |sm |||||||spa|d a106164 a107136 cCHAP1 aTorres Solano, Zacarías10aDistribución temporal de la lluvia por eventos para Chapingo, Méxicoh[En línea]cpor Zacarías Torres Solano. aChapingo, Méx. :bEl autor,c2014. aPara ver el contenido del material haga clic en la liga aTesis (Ing. en Irrigación) -- UACH. Departamento de Irrigación14aLluviaxMedición.14aLluviaxMéxico (Edo.)14aPrecipitación (Meteorología)xMéxico (Edo.)14aTormentas. aFinding aiduhttp://10.13.5.2/tesis/sist109702.pdfzTeclea aquí